| 000 | 00771nam a22002177a 4500 | ||
|---|---|---|---|
| 999 |
_c12725 _d12725 |
||
| 003 | MIRAKIL | ||
| 005 | 20190211140238.0 | ||
| 008 | 190211b tu ||||| |||| 00| 0 tur d | ||
| 020 | _a9786053995197 | ||
| 040 |
_aTR-AnCHP _cTR-AnCHP |
||
| 041 | _atur | ||
| 082 |
_a305.26 _bY27 2018 |
||
| 245 | 1 | 0 |
_aYaşlanma ve yaşlılık: _bDisiplinlerarası bakış açıları _cderleyen Alan Duben |
| 260 |
_aİstanbul: _bİstanbul Bilgi Üniversitesi Yayınları, _c2018. |
||
| 300 |
_a189 s.: _bşkl.; _c23 sm. |
||
| 490 | 0 |
_aİstanbul Bilgi Üniversitesi Yayınları; _aBilgi ve toplum _v629. _v12. |
|
| 504 |
_aDizin vardır. _aKaynakça bölüm sonlarındadır. |
||
| 650 | 0 |
_95175 _aYaşlılık _xSosyal açı _zTürkiye |
|
| 700 |
_95176 _aDuben, Alan _eder. |
||
| 942 |
_2ddc _cBKS |
||